Última palabra de canciones de Bad Bunny - Estadísticas

Estadísticas generales
  • Esta prueba ha sido intentada 3.574 veces
  • La puntuación promedio es 16 de 20
Estadísticas de respuestas
Hint Respuesta % Correcto
Ojitos Lindos
91%
BAILE INoLVIDABLE
90%
NI BIEN NI MAL
90%
Estamos Bien
89%
Si Veo a Tu Mamá
89%
Dos Mil 16
88%
CAFé CON RON
88%
TE DESEO LO MEJOR
86%
Moscow Mule
86%
Hablamos Mañana
84%
A Tu Merced
84%
PERRO NEGRO
83%
EL MUNDO ES MÍO
79%
PA' ROMPERLA
79%
200 Mph
77%
PERFuMITO NUEVO
75%
CÓMO SE SIENTE
74%
ALAMABRE PúA
62%
MERCEDES CAROTA
58%
BABY NUEVA
57%
No se encontraron pruebas coincidentes
Distribución de puntuación
Porcentaje de gente con cada puntuación
Porcentaje por número respondido
Historial de tus puntuaciones
No has intentado esta prueba.